[Event "Hong Kong op"]
[Site "Hong Kong"]
[Date "2023.12.26"]
[Round "5"]
[White "Lee, Alexandre KM"]
[Black "Tong, Ho Man"]
[Result "0-1"]
[WhiteElo "1913"]
[BlackElo "1352"]
[PlyCount "96"]
[EventDate "2023.12.24"]
[EventType "swiss"]
[EventRounds "9"]
[EventCountry "HKG"]
[SourceTitle "CB01_2024"]
[SourceDate "2024.01.03"]
[SourceVersion "1"]
[SourceVersionDate "2024.01.03"]
[SourceQuality "1"]

1. e4 c5 2. Nf3 Nc6 3. d4 cxd4 4. Nxd4 g6 5. Nc3 Bg7 6. Be3 Nf6 7. Nxc6 dxc6 8. Qxd8+ Kxd8 9. 0-0-0+ Ke8 10. Bc4 Ng4 11. h3 Nxe3 12. fxe3 Bxc3 13. bxc3 e6 14. e5 Ke7 15. Rhf1 Rf8 16. h4 h5 17. Rf4 Bd7 18. Rdf1 Rad8 19. Bd3 c5 20. c4 Bc6 21. R1f2 a6 22. Kb2 Rb8 23. Kc3 Rbd8 24. g3 Rc8 25. Rf1 Rcd8 26. Kb3 Bg2 27. R1f2 Bh3 28. Be4 Bf5 29. Bf3 f6 30. exf6+ Rxf6 31. e4 e5 32. exf5 exf4 33. Re2+ Kd6 34. fxg6 Rxg6 35. gxf4 Rg3 36. Re3 Rf8 37. Rd3+ Kc7 38. Bxh5 Rxd3+ 39. cxd3 Rxf4 40. Bg6 Rxh4 41. Kc3 b5 42. cxb5 axb5 43. Bf7 Kd6 44. Be8 b4+ 45. Kb3 Ke5 46. Bb5 Kd4 47. a4 bxa3 48. Kxa3 Rh3 0-1